000 00701cam a2200229u 4500
001 30127
003 BD-RjUL
005 20211209051522.0
008 140409r19481895enk 000 0 eng
035 _a(BD-RjUL)30212
040 _aDLC
_cCarP
_dDLC
_dBD-RjUL
_beng
041 _aeng
082 _a160
_bBOE 1948
100 1 _aBosanquet, Bernard,
_d1848- [from old catalog]
_991608
245 0 4 _aThe essentials of logic :
_bbeing ten lectures on judgment and inference /
_cby Bernard Bosanquet.
260 _aLondon :
_bMacmillan and co.,
_c[Reprinted 1948, 1960].
300 _ax, 167, [1] p. ;
_c20 cm.
650 0 _aLogic.
_991609
942 _2ddc
_cBK
999 _c30127
_d30127